| 000 | 00520 a2200193 4500 | ||
|---|---|---|---|
| 005 | 20260130163051.0 | ||
| 008 | 260129b |||||||| |||| 00| 0 eng d | ||
| 020 |
_a9789369678976 _cRs. 4695.00 |
||
| 040 | _aMAIN | ||
| 082 |
_a301.0954 _bR137C |
||
| 100 | _aRanjan, Kumud | ||
| 245 | _aContemporary India: Economy, society, politics | ||
| 260 |
_bScientific Books International _c2026 _aNew Delhi |
||
| 300 | _a262 | ||
| 650 | _aSociology | ||
| 650 | _aIndian Economy | ||
| 650 | _aCulture - India | ||
| 942 | _cBK | ||
| 999 |
_c395159 _d395159 |
||